00734nam a2200157 i 450000100060000000300090000600500170001500700030003200800410003511000510007624501300012726000280025730000210028550502490030685200210055568991ES-MaACL20230906170416.0t|040824s1983 sp ||||1| spa d2 aInstituto Nacional de Estadística (España)10aCenso de edificios de 1980 b: . Tomo II : resultados de las comunidades autónomas / cInstituto Nacional de Estadística. aMadrid : bINE (e1983) a12 v. ; c29 cm.8 aContiene: I. Aragón -- II. Andalucía -- III. Principado de Asturias -- IV. Baleares -- V. Canarias -- VI. Cantabria -- VII. Castilla-La Mancha -- VIII. Cataluña -- IX. Madrid -- X. La Rioja -- XI. Comunidad Valenciana -- XII. País Vasco aES-MaACLjL-5762